Statistics for Most guessed on Virginia Tech football players

Click here to take the quiz!

General Stats

  • This quiz has been taken 26 times
  • The average score is 7 of 20

Answer Stats

PercentageAnswer% Correct
80%Michael Vick
90%
60%Tyrod Taylor
71%
40%Bruce Smith
67%
40%Kam Chancellor
52%
60%Logan Thomas
48%
60%Kendall Fuller
38%
60%Kyle Fuller
38%
60%Corey Fuller
33%
60%Vince Fuller
33%
40%Terrelle Edmunds
29%
40%Tremaine Edmunds
29%
40%Hendon Hooker
24%
40%Isaiah Ford
24%
40%Cam Phillips
19%
60%Ryan Willis
19%
60%Michael Brewer
10%
40%Quincy Patterson
10%
40%Sam Rodgers
10%
40%Phil Patterson
5%
40%Tyree Rodgers
5%

Score Distribution

Percentile by Number Answered

Percent of People with Each Score

Your Score History

You have not taken this quiz